000 01150nam a22002411a 4500
999 _c11270
_d11270
001 11270
003 OSt
005 20260204212236.0
008 120131s2011||||dr ||||||b||||||||||spa||
090 _aCON 2011 M17
100 1 _aMarte Ramírez, Altagracia Anjeris
_esustentante
245 1 0 _aAnálisis de las políticas para el manejo de los activos corrientes de las cooperativas de servicios múltiples en el municipio de Cotuí, año 2011 / Altagracia Anjeris Marte Ramírez, Teresa Rosario Moya y Sorelis Santana Tavares.; asesorJorge Custodio Heredia
260 _aCotuí, República Dominicana :
_bUTECO,
_c2011
300 _a50 hojas :
_bIlustraciones ;
_c28cm.
502 _aTrabajo de grado (Licenciatura en Contabilidad)--Universidad Tecnológica del Cibao Oriental, 2011
504 _aIncluye referencia bibliográfica e índice
650 4 _aActivos corrientes
700 1 _aRosario Moya, Teresa
_esustentante
700 1 _aSantana Tavarez, Sorelis
_esustentante
700 1 _aCustodio Heredia, Jorge
_easesor
830 _aTesis y disertaciones académicas (Universidad Tecnológica del Cibao Oriental)
942 _2LC
_cTH